[Event "PRO League Group Stage"]
[Site "chess.com INT"]
[Date "2018.02.28"]
[Round "8"]
[White "Melkumyan, Hrant"]
[Black "Ladva, Ottomar"]
[Result "1/2-1/2"]
[WhiteTitle "GM"]
[BlackTitle "GM"]
[WhiteElo "2654"]
[BlackElo "2522"]
[WhiteTeam "Armenia Eagles"]
[BlackTeam "Estonia Horses"]
[WhiteFideId "13302485"]
[BlackFideId "4500024"]
[EventDate "2018.01.18"]

1. e4 c5 2. Nf3 e6 3. c4 Nc6 4. Nc3 Nd4 5. Bd3 Ne7 6. Nxd4 cxd4 7. Ne2 Nc6 8.
Bc2 Be7 9. d3 O-O 10. O-O Rb8 11. Ba4 e5 12. f4 d6 13. Ng3 exf4 14. Bxf4 Ne5 15.
Kh1 Bg5 16. Ne2 Bg4 17. Qd2 Bxf4 18. Nxf4 Qh4 19. h3 Be6 20. Kg1 Qg3 21. Rad1 h6
22. Ne2 Qe3+ 23. Qxe3 dxe3 24. Rfe1 a6 25. Nd4 b5 26. cxb5 axb5 27. Nxe6 fxe6
28. Bb3 Rf6 29. Rxe3 Nc6 30. d4 Na5 31. e5 dxe5 32. dxe5 Rg6 33. Bc2 Rg5 34. b3
Nc6 35. Rd6 Rxe5 36. Rxe5 Nxe5 37. Rxe6 Rc8 38. Bf5 Rc5 39. b4 Nf3+ 40. gxf3
Rxf5 41. Kf2 Rh5 42. Kg3 Rd5 43. Ra6 Kf7 44. Ra5 Rd2 45. a3 Rd3 46. Kf4 g5+ 47.
Ke4 Rb3 48. Ra6 Kg7 49. Rb6 Rxa3 50. Rxb5 Kg6 51. Rd5 Kh5 52. Rd6 Rb3 53. Rb6
Rb1 54. b5 Rb3 55. Rb8 Kh4 56. b6 Kxh3 57. b7 Kg3 58. f4 Rb4+ 59. Ke5 Rb5+ 60.
Ke4 Rb4+ 61. Ke5 Rb5+ 62. Kd6 gxf4 63. Rg8+ Kh2 64. b8=Q Rxb8 65. Rxb8 f3 66.
Rh8 f2 67. Rxh6+ Kg1 68. Rg6+ Kh1 69. Rf6 Kg1 70. Rxf2 Kxf2 1/2-1/2

[Event "PRO League Group Stage"]
[Site "chess.com INT"]
[Date "2018.02.28"]
[Round "8"]
[White "Melkumyan, Hrant"]
[Black "Ehlvest, Jaan"]
[Result "1-0"]
[WhiteTitle "GM"]
[BlackTitle "GM"]
[WhiteElo "2654"]
[BlackElo "2536"]
[WhiteTeam "Armenia Eagles"]
[BlackTeam "Estonia Horses"]
[WhiteFideId "13302485"]
[BlackFideId "4500016"]
[EventDate "2018.01.18"]

1. e4 g6 2. d4 Bg7 3. Nf3 d6 4. Bd3 c5 5. dxc5 Qa5+ 6. c3 Qxc5 7. Be3 Qc7 8. O-O
Nc6 9. h3 a6 10. a4 b6 11. Nbd2 Nf6 12. Nc4 Nd7 13. a5 bxa5 14. Qa4 O-O 15. Nxa5
Nxa5 16. Qxa5 Qb8 17. Bd4 Bb7 18. Rfe1 Rc8 19. Rac1 Nc5 20. Bc2 Qc7 21. Ra1 Rab8
22. Bxg7 Kxg7 23. Qa3 Qb6 24. Nd2 Ne6 25. Bd3 Qc7 26. Bf1 Rd8 27. b4 d5 28. exd5
Rxd5 29. Nc4 Rbd8 30. Ne3 Rd2 31. Qa5 Qf4 32. Ng4 h5 33. Qe5+ Kg8 34. Qxf4 Nxf4
35. Ne3 Rc8 36. Rac1 Nd3 37. Bxd3 Rxd3 38. c4 Rb8 39. c5 Bc8 40. Nc4 Be6 41. Ne5
Rb3 42. Nxg6 fxg6 43. Rxe6 Kf7 44. Rce1 Rb7 45. Rxa6 R3xb4 46. Ree6 Rf4 47. g3
Rf5 48. Reb6 Rd7 49. g4 hxg4 50. hxg4 Rf4 51. Rxg6 Rd2 52. Kg2 Rdxf2+ 53. Kg3
R4f3+ 54. Kh4 Rc3 55. Rgc6 Rf4 56. Kh5 1-0

[Event "PRO League Group Stage"]
[Site "chess.com INT"]
[Date "2018.02.28"]
[Round "8"]
[White "Niemann, Hans"]
[Black "Ruiz Castillo, Joshua Daniel"]
[Result "1-0"]
[WhiteTitle "FM"]
[BlackTitle "IM"]
[WhiteElo "2348"]
[BlackElo "2368"]
[WhiteTeam "Las Vegas Desert Rats"]
[BlackTeam "Rio Grande Ospreys"]
[WhiteFideId "2093596"]
[BlackFideId "4400704"]
[EventDate "2018.01.18"]

1. d4 Nf6 2. c4 e6 3. Nf3 b6 4. g3 Ba6 5. Qa4 Bb7 6. Bg2 c5 7. O-O cxd4 8. Nxd4
Bxg2 9. Kxg2 Qc8 10. Nc3 Bc5 11. Rd1 O-O 12. Bg5 Be7 13. Rac1 Nc6 14. Nf3 Rd8
15. Rd2 Qb7 16. Rcd1 Ne5 17. Qb5 d6 18. Bxf6 gxf6 19. e4 Nxf3 20. Kxf3 f5 21.
Ke3 Rac8 22. Rd4 Bf6 23. f4 Rc5 24. Qb3 Bxd4+ 25. Rxd4 e5 26. Rd5 exf4+ 27. gxf4
Qe7 28. Qd1 Rxd5 29. Qxd5 Qe6 30. Qxf5 Qxf5 31. exf5 Kg7 32. Ke4 Re8+ 33. Kd5
Kf6 34. Ne4+ Ke7 35. f6+ Kd7 36. Nxd6 Re6 37. Ne4 a5 38. f5 Re8 39. Nd6 Re2 40.
Nxf7 Rd2+ 41. Ke4 Rxb2 42. Ne5+ Kd6 43. c5+ 1-0

[Event "PRO League Group Stage"]
[Site "chess.com INT"]
[Date "2018.02.28"]
[Round "8"]
[White "Niemann, Hans"]
[Black "Bortnyk, Olexandr"]
[Result "1-0"]
[WhiteTitle "FM"]
[BlackTitle "GM"]
[WhiteElo "2348"]
[BlackElo "2610"]
[WhiteTeam "Las Vegas Desert Rats"]
[BlackTeam "Rio Grande Ospreys"]
[WhiteFideId "2093596"]
[BlackFideId "14120828"]
[EventDate "2018.01.18"]

1. d4 Nf6 2. c4 b6 3. Nc3 Bb7 4. Nf3 g6 5. g3 Bg7 6. Bg2 O-O 7. O-O Ne4 8. Qc2
Nxc3 9. bxc3 d6 10. Rd1 c5 11. e4 Nc6 12. Be3 Na5 13. Nd2 Qc8 14. Rac1 Bc6 15.
Bf1 Qa6 16. d5 Bd7 17. Qd3 Rae8 18. Bf4 f5 19. Bg2 fxe4 20. Bxe4 Nb7 21. Re1 Nd8
22. h4 Bg4 23. f3 Bd7 24. h5 b5 25. cxb5 Bxb5 26. c4 Bd7 27. hxg6 h6 28. Kg2
Qxa2 29. Rh1 Rxf4 30. gxf4 Rf8 31. f5 Qb2 32. Rb1 Qe5 33. Rh5 a5 34. Qe3 a4 35.
Re1 Qc3 36. Bb1 a3 37. Qxc3 Bxc3 38. Rxe7 a2 39. Bxa2 Bxf5 40. Ne4 Bxg6 41. Rxh6
Bxe4 42. Rxe4 Be5 43. Rg4+ Kf7 44. Bb1 Ke7 45. Rh7+ Rf7 46. f4 Bd4 47. Rh1 Kf8
48. Be4 Ra7 49. Rh7 Nf7 50. Bf5 Ra2+ 51. Kh3 1-0

[Event "PRO League Group Stage"]
[Site "chess.com INT"]
[Date "2018.02.28"]
[Round "8"]
[White "Hemant, Sharma2"]
[Black "Carlsen, Magnus"]
[Result "0-1"]
[WhiteTitle "IM"]
[BlackTitle "GM"]
[WhiteElo "2348"]
[BlackElo "2834"]
[WhiteTeam "Delhi Dynamite"]
[BlackTeam "Norway Gnomes"]
[WhiteFideId "5025842"]
[BlackFideId "1503014"]
[EventDate "2018.01.18"]

1. c4 Nf6 2. g3 c6 3. Bg2 d5 4. b3 e5 5. cxd5 cxd5 6. Bb2 Nc6 7. Nf3 Bd6 8. O-O
O-O 9. d3 Be6 10. Nbd2 Rc8 11. b4 a6 12. a3 Nd7 13. Rc1 Qe7 14. Nb3 f6 15. Nfd2
b5 16. e3 Nb6 17. Ba1 Na4 18. d4 e4 19. Nxe4 dxe4 20. d5 Nxb4 21. axb4 Rxc1 22.
Nxc1 Bf7 23. Qc2 Bxd5 24. Rd1 Bb7 25. Ne2 Bxb4 26. Qb3+ Kh8 27. Nf4 Bd6 28. h4
Nc5 29. Qb1 Bxf4 30. gxf4 Nd3 31. Bd4 h6 32. Qa1 Rc8 33. Qa2 b4 34. Qa5 Qe6 35.
Qh5 Rc7 36. f5 Qf7 37. Qg4 Rc2 38. Rf1 h5 39. Qg3 b3 40. Qb8+ Kh7 41. Qa7 Qc7
42. Bb6 Qc6 0-1

[Event "PRO League Group Stage"]
[Site "chess.com INT"]
[Date "2018.02.28"]
[Round "8"]
[White "Hemant, Sharma2"]
[Black "Hansen, Torbjorn Ringdal"]
[Result "1/2-1/2"]
[WhiteTitle "IM"]
[BlackTitle "GM"]
[WhiteElo "2348"]
[BlackElo "2410"]
[WhiteTeam "Delhi Dynamite"]
[BlackTeam "Norway Gnomes"]
[WhiteFideId "5025842"]
[BlackFideId "1501720"]
[EventDate "2018.01.18"]

1. c4 Nf6 2. Nc3 g6 3. g3 Bg7 4. Bg2 O-O 5. Nf3 d6 6. d3 Nc6 7. Rb1 a5 8. a3 e5
9. Bg5 h6 10. Bxf6 Qxf6 11. b4 axb4 12. axb4 Nd4 13. Nxd4 exd4 14. Nd5 Qd8 15.
b5 Bd7 16. O-O Rb8 17. Qd2 Re8 18. Rfe1 c6 19. Nb6 h5 20. Nxd7 Qxd7 21. bxc6
bxc6 22. Rxb8 Rxb8 23. h4 d5 24. cxd5 cxd5 25. Qa5 Rb5 26. Qa2 Qb7 27. Bf3 Bh6
28. Kg2 Bf8 29. Ra1 Kg7 30. Qa8 Be7 31. Qxb7 Rxb7 32. Bxd5 Rd7 33. Ra5 Bf6 34.
Kf3 Re7 35. Be4 Rc7 36. Ra6 Re7 37. Rd6 Ra7 38. Rd5 Kf8 39. Kg2 Ra2 40. Bf3 Ra7
41. Rb5 Ke7 42. Bd5 Rd7 43. f4 Rc7 44. Kf3 Ra7 45. Be4 Rc7 46. f5 g5 47. hxg5
Bxg5 48. f6+ Bxf6 49. Rxh5 Kf8 50. Rd5 Ke7 51. g4 Rd7 52. Rb5 Rc7 53. g5 Bg7 54.
Kg4 Ra7 55. Kf5 Rc7 56. Ra5 Rd7 57. Bc6 Rc7 58. Ra6 Bh8 59. Ke4 Kf8 60. Kf5 Ke7
61. Be4 Rc5+ 62. Kf4 Rc7 63. Bd5 Bg7 64. Ke4 Bh8 65. g6 fxg6 66. Rxg6 Rc8 67.
Ra6 Re8 68. Bc6 Rc8 69. Bb5 Rc2 70. Kf3 Rc1 71. e4 dxe3 72. Kxe3 Rh1 73. Bc4 Rh4
74. Bd5 Bd4+ 75. Ke2 Rh2+ 76. Kf3 Rh4 77. Be4 Bf6 78. Bf5 Rd4 79. Be4 Rd6 80.
Ra5 Rd7 81. Kg4 Rd6 82. Kf5 Bd4 83. Bd5 Rh6 84. Bf3 Rf6+ 85. Ke4 Rd6 86. Rh5 Bg7
87. Rb5 Re6+ 88. Kf5 Rf6+ 89. Kg4 Rg6+ 90. Kf4 Rf6+ 91. Ke3 Rd6 92. Be4 Bh6+ 93.
Kf3 Bg7 94. Rb7+ Rd7 95. Rb8 Rd8 96. Rb5 Rd6 97. Bf5 Rd8 98. Rb7+ Kf6 99. Be4
Bh6 100. Rb6+ Kg5 101. Rg6+ Kh5 102. Rg2 Rf8+ 103. Ke2 Bf4 104. d4 Bd6 105. Kd3
Rd8 106. d5 Bf4 107. Bf3+ Kh6 108. Ke4 Bd6 109. Bg4 Re8+ 110. Be6 Rf8 111. Rg4
Ra8 112. Rg1 Ra4+ 113. Kd3 Ra3+ 114. Kc4 Ra4+ 115. Kb5 Ra2 116. Kc6 Ra6+ 117.
Kb7 Ra3 118. Bd7 Bf4 119. Bc6 Rd3 120. Kc8 Bg3 121. Kd7 Kg5 122. Rh1 Kf6 123.
Rh6+ Kg5 124. Rh8 Be5 125. Rf8 Bf4 126. Rg8+ Kf6 127. Rf8+ Kg5 128. Re8 Rd2 129.
Re6 Bg3 130. Re4 Bf4 131. Re1 Rd3 132. Rb1 Rd2 133. Rb5 Kf6 134. Bb7 Rd1 135.
Rb6+ Kg5 136. Rb4 Rd2 137. Rc4 Rd1 138. Kc6 Rc1 139. Rxc1 Bxc1 140. d6 Kh6 141.
d7 Bg5 142. Kc7 Bh4 143. d8=Q Bxd8+ 144. Kxd8 1/2-1/2

[Event "PRO League Group Stage"]
[Site "chess.com INT"]
[Date "2018.02.28"]
[Round "8"]
[White "Nakamura, Hikaru"]
[Black "Wheeler, Cameron"]
[Result "1-0"]
[WhiteTitle "GM"]
[BlackTitle "IM"]
[WhiteElo "2781"]
[BlackElo "2392"]
[WhiteTeam "Seattle Sluggers"]
[BlackTeam "San Jose Hackers"]
[WhiteFideId "2016192"]
[BlackFideId "2060531"]
[EventDate "2018.01.18"]

1. d4 d5 2. c4 c6 3. Nc3 Nf6 4. Nf3 dxc4 5. e4 b5 6. e5 Nd5 7. a4 e6 8. axb5
Nxc3 9. bxc3 cxb5 10. Ng5 Bb7 11. Be2 Be7 12. Bf3 Nc6 13. h4 b4 14. Be4 Qd7 15.
Qh5 Bxg5 16. Qxg5 bxc3 17. O-O Qxd4 18. Bxc6+ Bxc6 19. Be3 Qe4 20. Bc5 f6 21.
Qxg7 O-O-O 22. Rxa7 Bb7 23. Bd6 Qc6 24. Rb1 c2 25. Ra8+ Bxa8 26. Rb8# 1-0

[Event "PRO League Group Stage"]
[Site "chess.com INT"]
[Date "2018.02.28"]
[Round "8"]
[White "Nakamura, Hikaru"]
[Black "Naroditsky, Daniel"]
[Result "1-0"]
[WhiteTitle "GM"]
[BlackTitle "GM"]
[WhiteElo "2781"]
[BlackElo "2619"]
[WhiteTeam "Seattle Sluggers"]
[BlackTeam "San Jose Hackers"]
[WhiteFideId "2016192"]
[BlackFideId "2026961"]
[EventDate "2018.01.18"]

1. e4 e5 2. Nf3 Nc6 3. Bb5 a6 4. Ba4 Nf6 5. O-O Be7 6. Re1 b5 7. Bb3 d6 8. c3
O-O 9. h3 Na5 10. Bc2 c5 11. d4 Qc7 12. Nbd2 cxd4 13. cxd4 Nc6 14. Nb3 a5 15.
Be3 a4 16. Nbd2 Bd7 17. Rc1 Rfc8 18. d5 Nb4 19. Bb1 Qb7 20. Qe2 a3 21. b3 Rxc1
22. Rxc1 Rc8 23. Qe1 Bd8 24. Nf1 Na6 25. b4 Rxc1 26. Qxc1 h6 27. Qxa3 Bb6 28.
Qc3 Bxe3 29. Nxe3 Nh5 30. Bd3 Nf4 31. a3 f5 32. exf5 e4 33. Qd4 Nxd3 34. Qxe4
Ne5 35. Nxe5 dxe5 36. Qxe5 Nc7 37. f6 Ne8 38. fxg7 Nxg7 39. d6 Be6 40. Nc2 Qd7
41. Nd4 Bc4 42. g4 h5 43. f3 hxg4 44. hxg4 Kf7 45. Kg2 Ne8 46. Qh5+ Kg8 47. Qg6+
Kf8 48. Qh6+ Kg8 49. Nf5 Qe6 50. Qd2 Nf6 51. Kh3 Kf7 52. Qd4 Bf1+ 53. Kh4 Qe1+
54. Kg5 Nh7+ 55. Kh6 Qe6+ 56. Kh5 Nf6+ 57. Kh4 Qe1+ 58. Kg5 Nh7+ 59. Kf4 Qc1+
60. Ne3 Nf6 61. g5 Nh5+ 62. Kg4 Bh3+ 63. Kxh3 Qh1+ 64. Kg4 Ng7 65. Qf4+ Kg8 66.
d7 Ne6 67. Qe5 Qg1+ 68. Kf5 Qxg5+ 69. Kxe6 Qg6+ 70. Qf6 1-0

[Event "PRO League Group Stage"]
[Site "chess.com INT"]
[Date "2018.02.28"]
[Round "8"]
[White "Tan, Zhongyi"]
[Black "Bryant, John Daniel"]
[Result "1-0"]
[WhiteTitle "GM"]
[BlackTitle "IM"]
[WhiteElo "2523"]
[BlackElo "2437"]
[WhiteTeam "Australia Kangaroos"]
[BlackTeam "San Diego Surfers"]
[WhiteFideId "8603642"]
[BlackFideId "2031280"]
[EventDate "2018.01.18"]

1. Nf3 Nf6 2. c4 e6 3. Nc3 d5 4. d4 Be7 5. Bg5 h6 6. Bxf6 Bxf6 7. e3 c6 8. Qc2
Nd7 9. Be2 O-O 10. O-O-O dxc4 11. Bxc4 b5 12. Be2 Qa5 13. Kb1 Ba6 14. Ne4 Rfc8
15. h4 Be7 16. g4 c5 17. d5 exd5 18. Rxd5 Nb6 19. Re5 Rc7 20. g5 h5 21. g6 f6
22. Rxh5 Qa4 23. Qxa4 Nxa4 24. Nfg5 Bb7 25. Bxb5 c4 26. f3 Bb4 27. Nf7 Kf8 28.
Bxa4 Ke7 29. Rc1 Rb8 30. Rb5 a6 31. Rh5 c3 32. Bb3 a5 33. a4 Rd7 34. Rb5 Rd3 35.
Nxc3 Rxe3 36. Rxb7+ 1-0

[Event "PRO League Group Stage"]
[Site "chess.com INT"]
[Date "2018.02.28"]
[Round "8"]
[White "Tan, Zhongyi"]
[Black "Sevian, Samuel"]
[Result "1/2-1/2"]
[WhiteTitle "GM"]
[BlackTitle "GM"]
[WhiteElo "2523"]
[BlackElo "2614"]
[WhiteTeam "Australia Kangaroos"]
[BlackTeam "San Diego Surfers"]
[WhiteFideId "8603642"]
[BlackFideId "2040506"]
[EventDate "2018.01.18"]

1. d4 Nf6 2. c4 c6 3. Nf3 d5 4. Nc3 e6 5. Bg5 dxc4 6. e4 b5 7. e5 h6 8. Bh4 g5
9. Nxg5 hxg5 10. Bxg5 Nbd7 11. g3 Bb7 12. exf6 Qb6 13. Bg2 O-O-O 14. O-O Ne5 15.
Qe2 Qxd4 16. Rfd1 Nd3 17. h4 Bh6 18. Ne4 c5 19. b3 Bxg5 20. Nxg5 Bxg2 21. Kxg2
Qxf6 22. bxc4 bxc4 23. Qe3 Rd5 24. Rac1 Nxc1 25. Rxc1 Qd4 26. Qa3 Rxg5 27. hxg5
Qd5+ 28. f3 Qd2+ 29. Kg1 Qd4+ 30. Kg2 Qd2+ 31. Kg1 Kd8 32. Qc3 Qxc3 33. Rxc3 Kd7
34. Rxc4 Kc6 35. Rf4 Rh7 36. Kf2 Kd5 37. Ke3 Rg7 38. g4 c4 39. Rd4+ Kc5 40. Rd7
Rxg5 41. Rxf7 a5 42. Ke4 Kb4 43. Rc7 c3 44. Rb7+ Kc4 45. Rc7+ Kb4 46. Rb7+ Kc4
47. Rc7+ Kb4 48. Rb7+ Kc4 49. Rc7+ Kb4 50. Rb7+ Kc4 1/2-1/2

[Event "PRO League Group Stage"]
[Site "chess.com INT"]
[Date "2018.02.28"]
[Round "8"]
[White "Reimanis, Ritvars"]
[Black "Adhiban, Baskaran"]
[Result "1-0"]
[WhiteTitle "FM"]
[BlackTitle "GM"]
[WhiteElo "2335"]
[BlackElo "2655"]
[WhiteTeam "Riga Magicians"]
[BlackTeam "Mumbai Movers"]
[WhiteFideId "11602988"]
[BlackFideId "5018471"]
[EventDate "2018.01.18"]

1. d4 Nf6 2. c4 g6 3. f3 c5 4. d5 e6 5. e4 d6 6. Ne2 Bg7 7. Nec3 Nh5 8. Be3 O-O
9. g4 Nf6 10. Be2 exd5 11. cxd5 Nbd7 12. a4 Ne5 13. Na3 h5 14. g5 Nh7 15. h4 f6
16. gxf6 Qxf6 17. f4 Ng4 18. Bc1 Bh6 19. e5 dxe5 20. Ne4 Qf5 21. Nd6 Qd7 22.
Nxc8 Raxc8 23. Bxg4 hxg4 24. fxe5 Qf5 25. Qe2 Bf4 26. Bxf4 Qxf4 27. Nc4 Qg3+ 28.
Kd1 Rf2 29. Qe3 Qg2 30. Re1 Qxd5+ 31. Nd2 g3 32. Rc1 Rd8 33. Rc2 Qa2 34. Kc1
Qa1+ 35. Nb1 Rxc2+ 36. Kxc2 Qxa4+ 37. Kc1 g2 38. Qg3 Qc4+ 39. Nc3 Nf8 40. e6
Nxe6 41. Qxg6+ Ng7 42. Qxg2 Qxh4 43. Rg1 Qh6+ 44. Kb1 Rd7 45. Qe4 Qh7 46. Rg6
Kf7 47. Rf6+ Kg8 48. Rf8+ Kxf8 49. Qxh7 b6 50. Ne4 Kf7 51. Ng5+ Kf6 52. Qh6+ Ke5
53. Qg6 Kd5 54. Nh7 Kc4 55. Qg4+ Rd4 56. Qxg7 a5 57. Qf7+ Kb4 58. Qf3 a4 59. Ng5
b5 60. Qc3# 1-0

[Event "PRO League Group Stage"]
[Site "chess.com INT"]
[Date "2018.02.28"]
[Round "8"]
[White "Reimanis, Ritvars"]
[Black "Parnali, S Dharia"]
[Result "1-0"]
[WhiteTitle "FM"]
[BlackTitle "WIM"]
[WhiteElo "2335"]
[BlackElo "2082"]
[WhiteTeam "Riga Magicians"]
[BlackTeam "Mumbai Movers"]
[WhiteFideId "11602988"]
[BlackFideId "5043131"]
[EventDate "2018.01.18"]

1. d4 d5 2. c4 e6 3. Nc3 Nf6 4. Bg5 Be7 5. cxd5 exd5 6. e3 c6 7. Bd3 Nbd7 8. Qc2
Nh5 9. Bxe7 Qxe7 10. Nge2 Nhf6 11. O-O-O Nb6 12. Kb1 Be6 13. Rc1 O-O-O 14. Na4
Nfd7 15. Ba6 Nb8 16. Nxb6+ axb6 17. Bd3 Qb4 18. a3 Qd6 19. Nc3 Kd7 20. Qb3 b5
21. a4 b4 22. Na2 Na6 23. Bxa6 bxa6 24. Qxb4 Rb8 25. Qxd6+ Kxd6 26. Rc5 Rb3 27.
Nc1 Rb4 28. b3 Rhb8 29. Ka2 f5 30. Rc3 a5 31. Nd3 R4b6 32. Rhc1 Bd7 33. R1c2 Be8
34. Nc1 g5 35. Nd3 Bg6 36. Ne5 Be8 37. h3 h5 38. Rb2 R8b7 39. Rc5 Ra6 40. Rbc2
Rh7 41. Rc1 Rb7 42. f3 Rab6 43. R1c3 Ra6 44. Kb2 Rb4 45. Ka3 Rb7 46. Rc1 Rab6
47. R1c3 Ra6 48. Kb2 Rb4 49. Kc2 Rb7 50. Rd3 Rg7 51. Rd1 h4 52. Kb2 Rb7 53. Rc3
c5 54. Ka3 cxd4 55. exd4 Rab6 56. Nd3 Re7 57. Nc1 f4 58. Rc5 Ra6 59. Rd2 Bg6 60.
Na2 Re1 61. Nc3 Bf7 62. Kb2 Re3 63. Nb5+ Kd7 64. Rdc2 Bg6 65. Rxd5+ Ke8 66. Rc8+
Kf7 67. Rc7+ Kf6 68. Nc3 Rae6 69. Rxa5 Re1 70. Nd5+ Kf5 71. Ne3+ Kf6 72. Ng4# 1-0

[Event "PRO League Group Stage"]
[Site "chess.com INT"]
[Date "2018.02.28"]
[Round "8"]
[White "Agrest, Inna"]
[Black "Maroroa, Sue"]
[Result "1-0"]
[WhiteTitle "WIM"]
[BlackTitle "WIM"]
[WhiteElo "2280"]
[BlackElo "2102"]
[WhiteTeam "Stockholm Snowballs"]
[BlackTeam "London Towers"]
[WhiteFideId "1708830"]
[BlackFideId "4301498"]
[EventDate "2018.01.18"]

1. e4 e5 2. Nf3 Nc6 3. Bb5 a6 4. Ba4 Nf6 5. d3 d6 6. c3 g6 7. O-O Bg7 8. Re1 O-O
9. Nbd2 Nh5 10. Nf1 Kh8 11. Ne3 Ne7 12. d4 f5 13. dxe5 fxe4 14. Ng5 Nf5 15. Nxf5
Rxf5 16. Nxe4 Rxe5 17. Ng5 Qe7 18. Rxe5 dxe5 19. Bb3 h6 20. Ne4 Bf5 21. Ng3 Nxg3
22. hxg3 Qd7 23. Qf3 c6 24. Be3 Bg4 25. Qe4 Bf5 26. Qh4 Kh7 27. Rd1 Qc8 28. f3
Be6 29. g4 Bxb3 30. axb3 Qe6 31. Bxh6 Rh8 32. Bg5+ Kg8 33. Rd8+ Kf7 34. Rxh8
Qxb3 35. Qh7 Qd1+ 36. Kh2 1-0

[Event "PRO League Group Stage"]
[Site "chess.com INT"]
[Date "2018.02.28"]
[Round "8"]
[White "Agrest, Inna"]
[Black "Jones, Gawain C B"]
[Result "0-1"]
[WhiteTitle "WIM"]
[BlackTitle "GM"]
[WhiteElo "2280"]
[BlackElo "2640"]
[WhiteTeam "Stockholm Snowballs"]
[BlackTeam "London Towers"]
[WhiteFideId "1708830"]
[BlackFideId "409561"]
[EventDate "2018.01.18"]

1. e4 e5 2. Nf3 Nc6 3. Bb5 a6 4. Ba4 g6 5. c3 d6 6. O-O Bg7 7. h3 Nf6 8. Re1 O-O
9. d4 b5 10. Bc2 Bb7 11. a4 exd4 12. Nxd4 Re8 13. Nd2 b4 14. Nxc6 Bxc6 15. cxb4
Rb8 16. b5 axb5 17. axb5 Bxb5 18. Nf3 Ra8 19. Bg5 Rxa1 20. Qxa1 h6 21. Bd2 Bc6
22. Qc1 Bxe4 23. Bxe4 Rxe4 24. Rxe4 Nxe4 25. Bxh6 Bxh6 26. Qxh6 Qf6 27. Qc1 c5
28. Qc4 Qf5 29. Qc2 d5 30. Qe2 Qf6 31. Ne1 c4 32. Nf3 Qb6 33. Qc2 Qa7 34. Qe2
Qa2 35. Nd4 Qa7 36. Nf3 Qa1+ 37. Kh2 Qc1 38. g3 Qb1 39. Kg2 Qa2 40. Nd4 Qa7 41.
Nf3 Qb6 42. Qc2 g5 43. Qe2 f6 44. Qc2 Kg7 45. Qe2 f5 46. Qc2 g4 47. hxg4 fxg4
48. Ne5 Qe6 49. f4 gxf3+ 50. Nxf3 Qg4 51. Qe2 Qxg3+ 52. Kf1 Kf6 53. Nd4 Qf4+ 54.
Qf3 Nd2+ 0-1

[Event "PRO League Group Stage"]
[Site "chess.com INT"]
[Date "2018.02.28"]
[Round "8"]
[White "Kovalenko, Igor"]
[Black "Ganguly, Surya Shekhar"]
[Result "0-1"]
[WhiteTitle "GM"]
[BlackTitle "GM"]
[WhiteElo "2635"]
[BlackElo "2650"]
[WhiteTeam "Riga Magicians"]
[BlackTeam "Mumbai Movers"]
[WhiteFideId "14117908"]
[BlackFideId "5002150"]
[EventDate "2018.01.18"]

1. d4 Nf6 2. Nf3 d5 3. c4 e6 4. e3 b6 5. cxd5 exd5 6. Bd3 Bd6 7. O-O O-O 8. b3
Bb7 9. Ba3 c5 10. Nc3 Nbd7 11. Rc1 Rc8 12. Qe2 Re8 13. Na4 Ne4 14. Rfd1 c4 15.
Bxe4 Bxa3 16. Bc2 Bxc1 17. Rxc1 b5 18. Nc5 Nxc5 19. dxc5 d4 20. bxc4 bxc4 21.
Qxc4 Bxf3 22. gxf3 dxe3 23. fxe3 Qg5+ 24. Kh1 Qxe3 25. Be4 Rxe4 26. fxe4 Qf3+
27. Kg1 Rc6 0-1

[Event "PRO League Group Stage"]
[Site "chess.com INT"]
[Date "2018.02.28"]
[Round "8"]
[White "Dreev, Aleksey"]
[Black "Ly, Moulthun"]
[Result "1/2-1/2"]
[WhiteTitle "GM"]
[BlackTitle "GM"]
[WhiteElo "2653"]
[BlackElo "2480"]
[WhiteTeam "San Diego Surfers"]
[BlackTeam "Australia Kangaroos"]
[WhiteFideId "4100107"]
[BlackFideId "3204405"]
[EventDate "2018.01.18"]

1. d4 Nf6 2. Nf3 e6 3. c4 b6 4. a3 Ba6 5. Qb3 Be7 6. Nc3 c5 7. d5 O-O 8. e4 exd5
9. cxd5 Bxf1 10. Kxf1 d6 11. g3 a6 12. Kg2 b5 13. Bf4 Nbd7 14. Rad1 Re8 15. Rhe1
Bf8 16. Qc2 Nh5 17. Bg5 Be7 18. Bxe7 Rxe7 19. e5 Nxe5 20. Nxe5 dxe5 21. d6 Re6
22. Nd5 Rxd6 23. Qxc5 Kh8 24. Rxe5 Nf6 25. Nxf6 Rxd1 26. Re8+ Qxe8 27. Nxe8 Rxe8
28. Qc6 Rdd8 29. Qxa6 Rb8 30. Qa7 Kg8 31. h4 h6 32. h5 Rbc8 33. Qd7 Rb8 34. g4
Re2 35. b3 Re6 36. Qc7 Ree8 37. Qd7 Red8 38. Qc7 Rdc8 39. Qe5 Re8 40. Qc7 Rec8
41. Qe5 Re8 42. Qc7 1/2-1/2

[Event "PRO League Group Stage"]
[Site "chess.com INT"]
[Date "2018.02.28"]
[Round "8"]
[White "Iturrizaga Bonelli, Eduardo"]
[Black "Chandra, Akshat"]
[Result "1-0"]
[WhiteTitle "GM"]
[BlackTitle "GM"]
[WhiteElo "2650"]
[BlackElo "2510"]
[WhiteTeam "Miami Champions"]
[BlackTeam "Saint Louis Arch Bishops"]
[WhiteFideId "3901211"]
[BlackFideId "25006711"]
[EventDate "2018.01.18"]

1. Nf3 d5 2. c4 e6 3. b3 d4 4. e3 c5 5. exd4 cxd4 6. g3 Nc6 7. Bg2 Nf6 8. O-O
Be7 9. Re1 O-O 10. d3 Re8 11. Ne5 Nxe5 12. Rxe5 Bd6 13. Re1 e5 14. a3 a5 15. Bg5
h6 16. Bxf6 Qxf6 17. Nd2 Bf8 18. Bd5 Rb8 19. Qh5 Bf5 20. Ne4 Qg6 21. Qf3 b5 22.
c5 Be6 23. Bxe6 Qxe6 24. b4 f5 25. Nd2 a4 26. Re2 g6 27. Rc1 h5 28. Qg2 Qa2 29.
Rce1 Qxa3 30. Qd5+ Kh7 31. Nf3 Bg7 32. Nxe5 Qb3 33. Qc6 Qe6 34. Qxe6 Rxe6 35.
Nd7 Rxe2 36. Rxe2 Rd8 37. c6 Bf8 38. c7 Rc8 39. Re8 Rxe8 40. Nf6+ 1-0

[Event "PRO League Group Stage"]
[Site "chess.com INT"]
[Date "2018.02.28"]
[Round "8"]
[White "Iturrizaga Bonelli, Eduardo"]
[Black "Bartholomew, John"]
[Result "1-0"]
[WhiteTitle "GM"]
[BlackTitle "IM"]
[WhiteElo "2650"]
[BlackElo "2459"]
[WhiteTeam "Miami Champions"]
[BlackTeam "Minnesota Blizzard"]
[WhiteFideId "3901211"]
[BlackFideId "2019353"]
[EventDate "2018.01.18"]

1. Nf3 d5 2. c4 c6 3. e3 Nf6 4. Nc3 g6 5. b3 Bg7 6. Bb2 O-O 7. h3 dxc4 8. Bxc4
c5 9. d4 cxd4 10. Nxd4 Bd7 11. O-O Nc6 12. Nf3 Ne4 13. Qc1 Nd6 14. Be2 Rc8 15.
Qd2 Bf5 16. Rfd1 Ne4 17. Nxe4 Qxd2 18. Rxd2 Bxb2 19. Rxb2 Bxe4 20. Rd1 Rfd8 21.
Rbd2 Rxd2 22. Nxd2 Bf5 23. Bf3 Rd8 24. Bxc6 bxc6 25. Kf1 Be4 26. h4 Kg7 27. Ke2
Bxg2 28. Rc1 Rd5 29. f3 g5 30. Rg1 Bh3 31. hxg5 Kg6 32. f4 f5 33. gxf6+ Kxf6 34.
Ne4+ Kf5 35. Nf2 Ra5 36. Rg5+ 1-0